[Event "XXXVIII Benasque Open 2018"]
[Site "Benasque"]
[Date "2018.07.09"]
[Round "5"]
[White "Kuzubov, Yuriy"]
[Black "Quintin Navarro, Alberto"]
[Result "1-0"]
[WhiteElo "2660"]
[BlackElo "2412"]
[Annotator "TA"]
[PlyCount "151"]
[EventDate "2018.07.05"]
[EventType "swiss"]
[EventCountry "ESP"]
[SourceTitle "playchess.com"]
[Source "ChessBase"]
[SourceQuality "1"]

{[%evp 19,151,39,37,29,38,41,77,72,90,89,106,58,102,101,100,92,106,91,113,22,87,0,43,0,28,55,66,54,118,122,129,124,108,111,114,120,66,4,10,12,21,20,7,18,12,11,19,0,0,0,29,42,94,41,137,143,133,126,136,141,121,122,234,164,247,146,167,0,0,0,0,0,0,0,0,10,7,47,52,5,115,43,56,45,59,61,61,61,61,54,54,62,12831,12614,2521,2805,12831,12832,12836,12836,5193,265,379,139,387,343,12840,12840,12841,12841,12841,12842,12842,12843,12844,12844,12845,12845,12845,12846,12846,12846,12847,12847,12850,12848,12850,29979,12851,29980,12851,29981,12851,29982]} 1. d4 Nf6 2. c4 g6 3. Nc3 Bg7 4. e4 d6 5. Be2 O-O 6. Nf3 e5 7. O-O Nc6 8. d5 Ne7 9. b4 Ne8 10. c5 f5 {LiveBook: 207 Games} 11. Qb3 {E97: King's Indian: Classical Main Line (6...e5 7 0-0 Nc6): 8 Be3 and 8 d5 Ne7, not 9 Ne1} (11. a4 Nf6 12. Bg5 Nh5 13. g3 f4 14. Nd2 Nf6 15. Nc4 Bh3 16. Re1 Qd7 17. Nb5 fxg3 18. fxg3 Nxe4 19. Bxe7 Qxe7 {0-1 (37) Topalov,V (2749)-Nakamura,H (2780) Saint Louis 2017}) 11... Kh8 12. Nd2 Nf6 13. f3 {White is better.} f4 14. Nc4 g5 $146 ({Predecessor:} 14... Ne8 15. Ba3 g5 16. Rac1 Ng6 17. Nd1 h5 18. Nf2 Bd7 19. b5 dxc5 20. Bxc5 Rg8 {1-0 (39) Bellanger,M (1740)-Bujdak,P (1745) LSS email 2011}) 15. Ba3 {cxd6 is the strong threat.} Ng6 16. cxd6 cxd6 17. b5 {[%cal Bb4b5,Bb5b6][%mdl 32]} Ne8 18. b6 a6 19. Qb4 (19. Nd1 $16) 19... Rf6 (19... g4 $1 $11) 20. Na5 ({Better is} 20. Nd1 $16) 20... Rf7 21. Rac1 h5 22. Nc6 $1 {[%cal Rc6d8]} Qf6 23. Na7 $1 Bd7 (23... g4 $14) 24. Bxa6 $1 $16 bxa6 25. b7 Rb8 {Threatens to win with ...Bb5.} 26. Nc6 Bxc6 27. dxc6 {Hoping for Qb6.} Ne7 28. Qb6 (28. Nd5 $14 Nxd5 29. exd5) 28... Nxc6 $1 $11 29. Nd5 Qe6 30. Rxc6 {And now Rb1 would win.} Rfxb7 31. Qxa6 {[%cal Ra3d6]} Bf8 32. Rfc1 g4 33. Qd3 $36 {[%mdl 2048] White is more active.} Ra7 34. Kh1 Rg7 35. Bb4 h4 (35... gxf3 $14 36. Qxf3 (36. gxf3 Qh3 $16) 36... Nf6) 36. a3 (36. fxg4 $16 {Strongly threatening h3.} Qxg4 37. Qf3) 36... h3 {[#]} (36... gxf3 $14 37. Qxf3 (37. gxf3 Nf6 $14) 37... Kg8) 37. g3 $1 $16 fxg3 38. hxg3 Nf6 39. Nxf6 Qxf6 40. f4 Qf7 (40... Rxb4 $16 41. axb4 exf4) 41. Rf1 Qb7 (41... Qd7 {was worth a try.} 42. Qc4 Qe8) 42. Qd5 (42. Qc4 $18) 42... Rf7 43. f5 $2 (43. Rfc1 $18) 43... Rc7 $11 44. Rxc7 Qxc7 45. Qd1 Qc4 46. Re1 Qa2 {[%csl Gh3][%cal Ra2g2]} 47. Rg1 Rb7 48. Qxg4 {Black must now prevent Qf3.} Qf2 49. f6 Rc7 (49... Rf7 $1 $11) 50. Be1 (50. Ba5 $16 Rb7 51. Bd8) 50... Qxf6 $14 51. Qe2 Rf7 52. Kh2 Qf3 53. Qxf3 Rxf3 {[%mdl 4096] Endgame KRB-KRB} 54. Bb4 Re3 55. Re1 Rxe1 $4 {[%mdl 8192]} (55... Rd3 $14) 56. Bxe1 {KB-KB} d5 57. a4 dxe4 58. Kxh3 Kg7 59. Bf2 Bb4 60. Be3 $2 (60. Kg4 Kf6 61. Bb6) 60... Kf6 (60... Ba5 {is a better defense.} 61. Kg2 Kf6) 61. g4 $2 (61. Bb6 $18 {and White stays clearly on top.}) 61... Ke6 $2 {[#]} (61... Ba5 $16 62. Kg2 Bc7) 62. Kg2 $1 $18 Be7 $2 (62... Ba5 63. Kf2 Bd8) 63. a5 {[%cal Ba4a5,Ba5a6][%mdl 32]} Kd7 64. a6 Kc7 65. Kf2 Kb8 66. Ke2 Ka8 67. Kd2 Bb4+ 68. Kc2 Be7 69. Kb3 Bd8 70. Kc4 Bh4 71. Kd5 Bd8 72. Kxe4 Bh4 73. Kxe5 Bd8 74. Kf5 (74. a7 $18 Kb7 75. Kf5) 74... Be7 75. Bd4 (75. a7 $18 Kb7 76. Bd4) 75... Bd8 76. Bf6 {Precision: White = 65%, Black = 29%.} (76. a7 $18 Be7 77. Bf6) 1-0

[Event "XXXVIII Benasque Open 2018"]
[Site "Benasque"]
[Date "2018.07.09"]
[Round "5"]
[White "Banusz, Tamas"]
[Black "Lalic, Bogdan"]
[Result "1/2-1/2"]
[WhiteElo "2607"]
[BlackElo "2394"]
[Annotator "RC"]
[PlyCount "138"]
[EventDate "2018.07.05"]
[EventType "swiss"]
[EventCountry "ESP"]
[SourceTitle "playchess.com"]
[Source "ChessBase"]
[SourceQuality "1"]
[TimeControl "5400+30"]

1. Nf3 {[%emt 0:01:14]} Nf6 {[%emt 0:00:00]} 2. c4 {[%emt 0:00:12]} e6 {[%emt 0:00:00]} 3. g3 {[%emt 0:00:05]} b6 {[%emt 0:00:08]} 4. Bg2 {[%emt 0:00:11]} Bb7 {[%emt 0:00:08]} 5. O-O {[%emt 0:00:06]} Be7 {[%emt 0:00:10]} 6. d4 {[%emt 0:00:07]} O-O {[%emt 0:00:09]} 7. Nc3 {[%emt 0:00:03]} Na6 {[%emt 0:00:12]} 8. Bf4 {[%emt 0:03:46]} Ne4 {[%emt 0:00:51]} 9. Rc1 {[%emt 0:12:23]} Nxc3 {[%emt 0:01:25]} 10. Rxc3 {[%emt 0:00:07]} c5 {[%emt 0:00:38]} 11. a3 {[%emt 0:05:19]} cxd4 {[%emt 0:01:32]} 12. Nxd4 {[%emt 0:00:13]} Bxg2 {[%emt 0:00:13]} 13. Kxg2 {[%emt 0:00:03]} Nc5 {[%emt 0:05:36]} 14. Rc2 {[%emt 0:06:48]} Qc8 {[%emt 0:04:06]} 15. f3 {[%emt 0:02:38]} d6 {[%emt 0:09:20]} 16. e4 {[%emt 0:06:37]} a6 {[%emt 0:02:07]} 17. b4 {[%emt 0:04:43]} Nd7 {[%emt 0:00:38]} 18. Be3 {[%emt 0:07:42]} Qb7 {[%emt 0:00:53]} 19. Qe2 Rfe8 {[%emt 0:03:08]} 20. Rd1 {[%emt 0:04:20]} Rac8 {[%emt 0:03:22]} 21. Bf2 {[%emt 0:00:14]} Bf8 {[%emt 0:05:34]} 22. Rdc1 {[%emt 0:06:26]} h6 {[%emt 0:01:34]} 23. Kg1 {[%emt 0:00:58]} Ne5 {[%emt 0:01:25]} 24. f4 {[%emt 0:05:03]} Nd7 {[%emt 0:00:17]} 25. Nf3 {[%emt 0:01:52]} e5 {[%emt 0:02:12]} 26. f5 {[%emt 0:01:19]} Nf6 {[%emt 0:00:10]} 27. Nd2 {[%emt 0:00:46]} b5 {[%emt 0:00:10]} 28. Qd3 {[%emt 0:04:12]} bxc4 {[%emt 0:01:45]} 29. Rxc4 {[%emt 0:00:56]} Qb5 {[%emt 0:01:52]} 30. R1c3 {[%emt 0:04:19]} Rxc4 {[%emt 0:09:26]} 31. Qxc4 {[%emt 0:00:04]} d5 {[%emt 0:00:16]} 32. exd5 {[%emt 0:01:36]} Nxd5 {[%emt 0:00:05]} 33. Rc1 {[%emt 0:06:20]} Nf6 {[%emt 0:01:23]} 34. Qxb5 {[%emt 0:02:01]} axb5 {[%emt 0:00:05]} 35. Nb1 {[%emt 0:01:20]} Ne4 {[%emt 0:02:25]} 36. Kf1 {[%emt 0:02:34]} h5 {[%emt 0:01:54]} 37. h3 {[%emt 0:01:31]} f6 {[%emt 0:01:22]} 38. g4 {[%emt 0:01:25]} hxg4 {[%emt 0:00:07]} 39. hxg4 g6 40. fxg6 {[%emt 0:01:02]} Kg7 {[%emt 0:01:36]} 41. Be3 {[%emt 0:00:30]} Kxg6 {[%emt 0:00:13]} 42. Ke2 {[%emt 0:00:48]} Re6 {[%emt 0:17:01]} 43. Kd3 {[%emt 0:01:18]} Nd6 {[%emt 0:01:06]} 44. Rc6 {[%emt 0:00:07]} Kf7 {[%emt 0:01:07]} 45. Nc3 {[%emt 0:01:18]} e4+ {[%emt 0:02:30]} 46. Ke2 {[%emt 0:00:07]} Nc4 {[%emt 0:02:31]} 47. Rc7+ {[%emt 0:00:28]} Re7 {[%emt 0:00:15]} 48. Rxe7+ {[%emt 0:01:54]} Bxe7 {[%emt 0:00:05]} 49. Bc1 {[%emt 0:01:34]} Nd6 {[%emt 0:04:20]} 50. Bf4 {[%emt 0:00:42]} Nc4 {[%emt 0:00:06]} 51. Nxb5 {[%emt 0:00:28]} f5 {[%emt 0:00:07]} 52. gxf5 {[%emt 0:01:28]} Kf6 {[%emt 0:00:04]} 53. Bd2 {[%emt 0:01:12]} Kxf5 {[%emt 0:00:06]} 54. Be1 {[%emt 0:01:20]} Ke6 {[%emt 0:03:42]} 55. a4 {[%emt 0:00:20]} Kd7 {[%emt 0:01:58]} 56. a5 {[%emt 0:00:07]} Kc6 {[%emt 0:02:26]} 57. Nd4+ {[%emt 0:00:16]} Kd5 {[%emt 0:00:16]} 58. a6 {[%emt 0:01:22]} Bf6 {[%emt 0:04:52]} 59. a7 {[%emt 0:01:06]} Nb6 {[%emt 0:00:05]} 60. Nb3 {[%emt 0:01:07]} Kc6 {[%emt 0:00:40]} 61. Na5+ {[%emt 0:00:34]} Kb5 {[%emt 0:00:12]} 62. Ke3 {[%emt 0:00:19]} Ka6 {[%emt 0:01:33]} 63. Nc6 {[%emt 0:00:12]} Kb7 {[%emt 0:01:32]} 64. b5 {[%emt 0:00:06]} Nd5+ {[%emt 0:01:23]} 65. Kxe4 {[%emt 0:00:25]} Nc7 {[%emt 0:00:08]} 66. Na5+ {[%emt 0:00:29]} Kxa7 {[%emt 0:00:05]} 67. Bf2+ {[%emt 0:00:03]} Kb8 {[%emt 0:00:16]} 68. b6 {[%emt 0:00:35]} Bc3 {[%emt 0:00:48]} 69. Nc4 {[%emt 0:00:17]} Na8 {[%emt 0:00:51]} 1/2-1/2

[Event "XXXVIII Benasque Open 2018"]
[Site "Benasque"]
[Date "2018.07.09"]
[Round "5"]
[White "Chigaev, Maksim"]
[Black "Domingo Nunez, Alejandro"]
[Result "1/2-1/2"]
[WhiteElo "2582"]
[BlackElo "2369"]
[Annotator "ChessBase"]
[PlyCount "71"]
[EventDate "2018.07.05"]
[EventType "swiss"]
[EventCountry "ESP"]
[SourceTitle "playchess.com"]
[Source "ChessBase"]
[SourceQuality "1"]
[TimeControl "5400+30"]

1. g3 {[%emt 0:00:00]} c5 {[%emt 0:00:11]} 2. Bg2 {[%emt 0:00:32]} Nc6 {[%emt 0:00:39]} 3. e4 {[%emt 0:01:10]} e6 {[%emt 0:00:14]} 4. Nf3 {[%emt 0:03:32]} Nf6 {[%emt 0:00:09]} 5. d3 {[%emt 0:00:06]} d5 {[%emt 0:00:38]} 6. Nbd2 {[%emt 0:00:05]} Be7 {[%emt 0:00:41]} 7. O-O {[%emt 0:00:10]} O-O {[%emt 0:00:09]} 8. Re1 {[%emt 0:00:08]} b5 {[%emt 0:00:32]} 9. a4 {[%emt 0:01:53]} b4 {[%emt 0:02:23]} 10. exd5 {[%emt 0:00:07]} exd5 {[%emt 0:01:06]} 11. d4 {[%emt 0:00:10]} Bg4 {[%emt 0:07:08]} 12. dxc5 {[%emt 0:07:05]} Bxc5 {[%emt 0:05:24]} 13. Nb3 {[%emt 0:00:14]} Bb6 {[%emt 0:03:04]} 14. Be3 {[%emt 0:04:43]} Re8 {[%emt 0:06:13]} 15. Bxb6 {[%emt 0:02:41]} Rxe1+ {[%emt 0:00:56]} 16. Qxe1 {[%emt 0:01:27]} Qxb6 {[%emt 0:00:04]} 17. a5 {[%emt 0:00:45]} Qc7 {[%emt 0:04:15]} 18. Qe3 {[%emt 0:07:12]} Bxf3 {[%emt 0:05:28]} 19. Qxf3 {[%emt 0:04:49]} Ne5 {[%emt 0:01:44]} 20. Qf4 {[%emt 0:06:50]} Qxc2 {[%emt 0:06:45]} 21. Qxe5 {[%emt 0:00:12]} Qxb3 {[%emt 0:00:04]} 22. Qd4 {[%emt 0:00:15]} Re8 {[%emt 0:13:10]} 23. a6 {[%emt 0:06:12]} h6 {[%emt 0:07:05]} 24. Rf1 {[%emt 0:08:21]} Qa2 {[%emt 0:05:43]} 25. Qxa7 {[%emt 0:01:04]} Qxb2 {[%emt 0:00:05]} 26. Qb7 {[%emt 0:00:09]} Qa2 {[%emt 0:00:14]} 27. a7 {[%emt 0:01:46]} b3 {[%emt 0:00:02]} 28. Bh3 {[%emt 0:00:57]} Ne4 {[%emt 0:01:17]} 29. Bd7 {[%emt 0:22:21]} Rf8 {[%emt 0:06:16]} 30. Bc6 {[%emt 0:00:25]} Nc3 {[%emt 0:00:14]} 31. a8=Q {[%emt 0:04:51]} Qxa8 {[%emt 0:00:20]} 32. Qxa8 {[%emt 0:00:05]} Rxa8 {[%emt 0:00:04]} 33. Bxa8 {[%emt 0:00:05]} b2 {[%emt 0:00:04]} 34. Bxd5 {[%emt 0:00:11]} b1=Q {[%emt 0:00:07]} 35. Rxb1 {[%emt 0:00:04]} Nxb1 {[%emt 0:00:05]} 36. Kg2 {[%emt 0:00:04]} 1/2-1/2

[Event "XXXVIII Benasque Open 2018"]
[Site "Benasque"]
[Date "2018.07.09"]
[Round "5"]
[White "Vazquez Igarza, Renier"]
[Black "Osmak, Iulija"]
[Result "1/2-1/2"]
[WhiteElo "2571"]
[BlackElo "2392"]
[Annotator "TA"]
[PlyCount "75"]
[EventDate "2018.07.05"]
[EventType "swiss"]
[EventCountry "ESP"]
[SourceTitle "playchess.com"]
[Source "ChessBase"]
[SourceQuality "1"]

{[%evp 17,75,0,0,0,7,0,10,11,16,12,16,-6,7,0,8,3,13,9,10,-14,0,0,30,11,9,8,28,17,26,24,29,27,20,-71,-10,-20,-21,-20,0,-22,0,0,0,0,0,0,0,-17,0,0,0,0,0,0,0,0,0,0,0,-4]} 1. d4 d5 2. Nf3 Nf6 3. Bf4 c5 4. e3 Nc6 5. Nbd2 e6 6. c3 Be7 7. Bd3 Nh5 8. Be5 {D02: Damenbauernspiele} Nxe5 (8... f6 9. Bg3 g6 10. Qe2 Bd7 11. dxc5 Bxc5 12. e4 Nxg3 13. hxg3 dxe4 14. Bxe4 Kf7 15. O-O-O Qc7 {1-0 (24) Carlsen,M (2837)-Kryvoruchko,Y (2689) Riadh 2017}) 9. dxe5 g6 {LiveBook: 8 Partien} 10. Bb5+ Bd7 11. Qe2 Bxb5 12. Qxb5+ Qd7 13. a4 $146 ({Vorgänger:} 13. Qxd7+ Kxd7 14. O-O-O Kc6 15. g4 Ng7 {½-½ (58) Santos,A (2266)-Guimaraes,C Lisbon 1999}) 13... a6 14. Qe2 f6 15. exf6 Nxf6 16. e4 O-O 17. O-O Rae8 18. Rfe1 Bd8 19. a5 Bc7 20. e5 Nh5 $1 21. Qe3 Qb5 22. b4 cxb4 23. Reb1 Bxa5 24. Nd4 Bb6 $1 {[%cal Rb6d4] [#] Und ...Lxd4 würde nun gewinnen.} 25. N2f3 (25. Nxb5 $11 Bxe3 26. fxe3 axb5 27. Rxb4) 25... Bxd4 ({Besser ist} 25... Qd7 $17 26. Rxb4 Bc5) 26. Nxd4 $11 {Die Stellung ist ausgeglichen.} Qd7 27. Rxb4 Qc7 28. g3 Rf7 29. Kg2 Ng7 30. g4 Ref8 31. f3 Qc5 {[#] Droht ...Txf3! und aus.} 32. Qd2 Rc8 33. Rb3 Rcf8 34. h3 Qc7 35. Qe3 Qc5 {Weiss sollte ...Txf3! verhindern.} 36. Qe1 Qc7 37. Qe3 Qc5 38. Qd2 {Precision: Weiß = 60%, Schwarz = 35%.} 1/2-1/2

[Event "XXXVIII Benasque Open 2018"]
[Site "Benasque"]
[Date "2018.07.09"]
[Round "5"]
[White "Kharitonov, Alexandr"]
[Black "Martin Duque, Jesus"]
[Result "1-0"]
[WhiteElo "2564"]
[BlackElo "2381"]
[Annotator "ChessBase"]
[PlyCount "121"]
[EventDate "2018.07.05"]
[EventType "swiss"]
[EventCountry "ESP"]
[SourceTitle "playchess.com"]
[Source "ChessBase"]
[SourceQuality "1"]
[TimeControl "5400+30"]

1. d4 {[%emt 0:00:00]} Nf6 {[%emt 0:06:46]} 2. c4 {[%emt 0:00:00]} e6 {[%emt 0:00:04]} 3. Nc3 {[%emt 0:00:00]} Bb4 {[%emt 0:00:04]} 4. Qc2 {[%emt 0:00:02]} Nc6 {[%emt 0:00:05]} 5. Nf3 {[%emt 0:00:21]} d6 {[%emt 0:00:12]} 6. Bd2 {[%emt 0:00:26]} O-O {[%emt 0:00:08]} 7. a3 {[%emt 0:00:07]} Bxc3 {[%emt 0:00:07]} 8. Bxc3 {[%emt 0:00:07]} Re8 {[%emt 0:00:06]} 9. Rd1 {[%emt 0:00:57]} Qe7 {[%emt 0:00:07]} 10. e3 {[%emt 0:02:56]} e5 {[%emt 0:03:17]} 11. d5 {[%emt 0:00:18]} Nb8 {[%emt 0:00:04]} 12. Nd2 {[%emt 0:00:18]} a5 {[%emt 0:00:22]} 13. b3 {[%emt 0:04:47]} Nbd7 {[%emt 0:01:51]} 14. Be2 {[%emt 0:00:48]} Nc5 {[%emt 0:06:09]} 15. b4 {[%emt 0:10:18]} axb4 {[%emt 0:03:03]} 16. axb4 {[%emt 0:00:04]} Na4 {[%emt 0:01:38]} 17. Ba1 {[%emt 0:00:26]} Bd7 {[%emt 0:03:55]} 18. O-O {[%emt 0:01:59]} b5 {[%emt 0:09:35]} 19. e4 {[%emt 0:05:40]} bxc4 {[%emt 0:06:32]} 20. Nxc4 {[%emt 0:00:30]} Nb6 {[%emt 0:02:02]} 21. Nxb6 {[%emt 0:01:01]} cxb6 {[%emt 0:00:02]} 22. Rc1 {[%emt 0:00:27]} Rec8 {[%emt 0:05:55]} 23. Qb1 {[%emt 0:00:56]} Rxc1 {[%emt 0:07:54]} 24. Rxc1 {[%emt 0:00:04]} Qe8 {[%emt 0:00:33]} 25. Qd3 {[%emt 0:09:07]} h6 {[%emt 0:07:25]} 26. f3 {[%emt 0:04:19]} Ra2 {[%emt 0:03:00]} 27. Bc3 {[%emt 0:00:40]} Qa8 {[%emt 0:02:05]} 28. Be1 {[%emt 0:00:52]} Ra1 {[%emt 0:08:19]} 29. Rxa1 {[%emt 0:02:23]} Qxa1 {[%emt 0:00:04]} 30. Kf2 {[%emt 0:00:19]} Nh5 {[%emt 0:03:00]} 31. g3 {[%emt 0:00:11]} Nf6 {[%emt 0:00:32]} 32. Qe3 {[%emt 0:00:48]} Qa7 {[%emt 0:00:46]} 33. Kg2 {[%emt 0:01:00]} Qc7 {[%emt 0:00:23]} 34. Bd3 {[%emt 0:05:16]} b5 {[%emt 0:04:28]} 35. Qe2 {[%emt 0:02:20]} Qb7 {[%emt 0:00:03]} 36. f4 {[%emt 0:03:35]} exf4 {[%emt 0:01:15]} 37. gxf4 {[%emt 0:00:04]} Qc8 {[%emt 0:02:21]} 38. Bd2 {[%emt 0:01:24]} Bg4 {[%emt 0:04:05]} 39. Qe3 {[%emt 0:05:48]} Bd1 {[%emt 0:00:49]} 40. h3 {[%emt 0:05:57]} Bc2 {[%emt 0:00:17]} 41. Qd4 {[%emt 0:00:41]} Bxd3 {[%emt 0:00:55]} 42. Qxd3 {[%emt 0:00:03]} Qe8 {[%emt 0:01:54]} 43. Kf3 {[%emt 0:00:15]} Qd7 {[%emt 0:00:05]} 44. f5 {[%emt 0:00:19]} Qa7 {[%emt 0:02:13]} 45. Bf4 {[%emt 0:02:03]} Qg1 {[%emt 0:01:25]} 46. Bxd6 {[%emt 0:01:17]} Qh1+ {[%emt 0:00:05]} 47. Ke3 {[%emt 0:00:05]} Qxh3+ {[%emt 0:00:29]} 48. Kd4 {[%emt 0:00:10]} Qh1 {[%emt 0:00:51]} 49. Bf4 {[%emt 0:01:56]} Qg1+ {[%emt 0:02:44]} 50. Be3 {[%emt 0:05:01]} Qa1+ {[%emt 0:00:02]} 51. Kc5 {[%emt 0:00:04]} Qe5 {[%emt 0:01:19]} 52. Kxb5 {[%emt 0:05:03]} Nxe4 {[%emt 0:00:12]} 53. Bc5 {[%emt 0:00:08]} Qxf5 {[%emt 0:02:26]} 54. d6 {[%emt 0:00:12]} Qd7+ {[%emt 0:00:53]} 55. Kb6 {[%emt 0:00:14]} Nf6 {[%emt 0:00:35]} 56. Qf3 {[%emt 0:01:15]} Qa4 {[%emt 0:01:45]} 57. Qc6 {[%emt 0:00:31]} Qa2 {[%emt 0:00:34]} 58. d7 {[%emt 0:00:46]} Nxd7+ {[%emt 0:00:34]} 59. Qxd7 {[%emt 0:00:02]} h5 {[%emt 0:00:26]} 60. b5 {[%emt 0:00:19]} h4 {[%emt 0:00:15]} 61. Qd8+ {[%emt 0:00:04]} 1-0

[Event "XXXVIII Benasque Open 2018"]
[Site "Benasque"]
[Date "2018.07.09"]
[Round "5"]
[White "Ubilava, Elizbar"]
[Black "Prohaszka, Peter"]
[Result "1/2-1/2"]
[WhiteElo "2478"]
[BlackElo "2610"]
[Annotator "TA"]
[PlyCount "84"]
[EventDate "2018.07.05"]
[EventType "swiss"]
[EventCountry "ESP"]
[SourceTitle "playchess.com"]
[Source "ChessBase"]
[SourceQuality "1"]

{[%evp 19,84,8,10,0,0,0,10,-11,0,-28,-24,-37,-18,-18,-18,-26,-25,-29,-23,-33,-27,-31,-25,-125,-116,-110,-105,-108,-115,-115,-116,-122,-123,-115,-85,-81,-75,-65,-78,-67,-77,-77,-74,-87,-66,-79,-73,-89,-7,-3,0,0,0,0,0,0,0,0,0,0,0,0,0,0,0,0,0]} 1. d4 d5 2. c4 e6 3. Nc3 Nf6 4. cxd5 exd5 5. Bg5 c6 6. e3 Bf5 7. Bd3 Bxd3 {D35: Damengambit (Abtauschvariante)} 8. Qxd3 Nbd7 (8... Na6 9. Nge2 Nc7 10. O-O Be7 11. f3 Ne6 12. Bh4 Qd7 13. Rad1 Rd8 14. Kh1 h6 15. b3 {½-½ (59) Grischuk,A (2810)-Andreikin,D (2737) Tbilisi 2015}) 9. Nge2 Be7 10. O-O O-O {LiveBook: 7 Partien} 11. h3 $146 ({Vorgänger:} 11. f3 Re8 12. Rae1 Qb6 13. Bh4 Rad8 14. Bf2 Nf8 15. h3 {½-½ (49) Tregubov,P (2585)-Aleksandrov,A (2574) Doha 2016}) 11... a5 12. Rac1 Nb6 13. b3 Re8 14. Bxf6 Bxf6 15. Na4 Nc8 16. Nc5 Nd6 17. Rc2 g6 18. Nc3 Re7 19. Re2 Bg7 20. Qd2 h5 21. h4 (21. Nb1 $11 {bleibt in der Remisbreite.}) 21... Nf5 $17 22. g3 Qd6 23. Kg2 Rae8 24. Rfe1 Bh6 25. f4 b6 26. Nd3 f6 27. Nf2 {Die Idee ist e4.} Bg7 28. e4 dxe4 29. Rxe4 Rd8 30. Rxe7 Nxe7 31. Qe2 Nf5 {[%cal Be7f5,Bf5e3,Be3g4,Bg4h2,Bh2f1][%mdl 32]} 32. Qc4+ Kh7 33. Re6 Qxd4 ({Günstiger ist} 33... Qb8 $17 34. Ne2 Rd6) 34. Qxc6 $11 {Die Stellung ist ausgeglichen.} Ne3+ 35. Kf3 $1 Ng4 36. Nce4 Qb2 37. Re7 $36 {[%mdl 2048] [#] Schwarz muss nun Txg7+! beachten. Weiss hat gut koordiniertes Spiel.} Rd3+ (37... f5 $5 38. Ng5+ $8 Kh6 39. Qxb6 Rd2 40. Nf7+ Kh7 41. Ng5+ Kh6 42. Nf7+ Kh7 43. Ng5+ Kh6 $11) 38. Nxd3 Nh2+ 39. Ke3 Nf1+ 40. Kf3 Nh2+ 41. Ke3 Ng4+ 42. Kf3 Nh2+ {Precision: Weiß = 61%, Schwarz = 58%.} 1/2-1/2

[Event "XXXVIII Benasque Open 2018"]
[Site "Benasque"]
[Date "2018.07.09"]
[Round "5"]
[White "Jansa, Vlastimil"]
[Black "Baklan, Vladimir"]
[Result "1/2-1/2"]
[WhiteElo "2451"]
[BlackElo "2595"]
[Annotator "TA"]
[PlyCount "29"]
[EventDate "2018.07.05"]
[EventType "swiss"]
[EventCountry "ESP"]
[SourceTitle "playchess.com"]
[Source "ChessBase"]
[SourceQuality "1"]

{[%evp 17,29,25,49,2,9,12,16,8,14,15,10,19,19,8]} 1. e4 e6 2. d4 d5 3. Nd2 c5 4. Ngf3 Nc6 5. exd5 exd5 6. Bb5 Qe7+ 7. Be2 Qc7 {C09: French Tarrasch: 3...c5 4 exd5 exd5 5 Ngf3 Nc6} 8. O-O Nf6 9. Re1 (9. Bb5 cxd4 10. Re1+ Be7 11. Qe2 a6 12. Bxc6+ bxc6 13. Nxd4 Ra7 14. Qe5 c5 15. Nf5 Qxe5 16. Rxe5 Bxf5 17. Rxf5 {½-½ (41) Mamedov,R (2678)-Harikrishna,P (2733) Antalya 2017}) 9... Be6 {LiveBook: 17 Games. White has an edge.} 10. Nf1 Be7 {The position is equal.} 11. dxc5 Bxc5 $146 ({Predecessor:} 11... O-O 12. Be3 Ne4 13. c3 a5 14. Ng3 Nxc5 15. Nd4 Nxd4 16. Qxd4 {1-0 (37) Blake,M-Cowling,T BFCC corr 2001}) 12. Be3 Qb6 13. Bxc5 Qxc5 14. c3 O-O 15. Nd4 1/2-1/2

[Event "XXXVIII Benasque Open 2018"]
[Site "Benasque"]
[Date "2018.07.09"]
[Round "5"]
[White "Kavutskiy, Konstantin"]
[Black "Zubov, Alexander"]
[Result "0-1"]
[WhiteElo "2409"]
[BlackElo "2611"]
[Annotator "TA"]
[PlyCount "114"]
[EventDate "2018.07.05"]
[EventType "swiss"]
[EventCountry "ESP"]
[SourceTitle "playchess.com"]
[Source "ChessBase"]
[SourceQuality "1"]

{[%evp 21,114,36,38,7,29,18,13,11,19,0,51,44,52,48,39,0,0,0,28,0,0,0,-7,-23,-23,-23,-16,-30,-20,-29,-41,-61,-63,-84,-84,-104,-96,-141,-101,-108,-102,-108,-99,-87,0,-195,-193,-190,-192,-171,-171,-221,-230,-249,-239,-246,-179,-450,-384,-377,-369,-369,-304,-296,-304,-304,-296,-304,-304,-304,-304,-304,-304,-304,-304,-304,-304,-296,-296,-296,-296,-281,-281,-272,-265,-265,-236,-410,-409,-1488,-940,-1411,-1404,-1324,-1278]} 1. d4 Nf6 2. c4 g6 3. Nc3 d5 4. cxd5 Nxd5 5. e4 Nxc3 6. bxc3 Bg7 7. Qa4+ Nd7 8. Nf3 O-O 9. Be2 c5 10. O-O {D85: Exchange Grünfeld: Unusual White 7th moves and lines with 7 Nf3} a6 11. Qa3 Qc7 {LiveBook: 5 Games} 12. Re1 $146 {White is slightly better.} ({Predecessor:} 12. e5 Nb6 13. Qa5 Bf5 14. dxc5 Nd5 15. Qxc7 Nxc7 16. Nd4 Be4 17. f3 Bd5 {½-½ (45) Karpov,A (2624)-Svidler,P (2755) Sochi 2017}) 12... e6 13. Bg5 {[%cal Bc1g5,Bg5e7,Be7d6][%mdl 32]} b6 14. e5 Bb7 15. Be7 Rfe8 (15... Rfc8 $11) 16. Bd6 $14 Qc6 17. Bd3 Bh6 18. Rab1 cxd4 19. cxd4 b5 20. Be4 Qc8 $1 21. Qd3 Nb6 22. Bxb7 Qxb7 23. Re4 Nc4 24. Bc5 Qd5 25. Rh4 Bg7 {[%cal Rc4e5]} 26. Rxh7 Bxe5 (26... Kxh7 $2 {too greedy.} 27. Ng5+ Kg8 28. Qh3 $18) 27. Rh4 Bg7 28. Qe4 Rad8 29. Qxd5 exd5 30. Kf1 Re6 31. Rg4 Rde8 32. Rg5 Rd8 (32... f5 $17 {Hoping for ...Bh6.} 33. g4 fxg4 34. Rxg4 Rf6) 33. h4 $2 (33. Rg4 $1 $11 {and White stays safe.}) 33... Bf6 $19 34. Rg3 {[#]} Bxh4 $1 {[%mdl 512]} 35. Rh3 (35. Nxh4 Nd2+) 35... Bf6 36. a4 bxa4 {[%cal Bb5a4,Ba4a3][%mdl 32]} 37. Ra1 Rb8 38. g4 {[#]} a3 $1 39. Ne5 $2 {[#]} (39. Bxa3 {only move.} Rb5 40. g5) 39... Rb3 $1 {[%mdl 512]} 40. Kg2 (40. Rxb3 Nd2+) 40... Rxh3 41. Kxh3 {If only White now had time for Nxc4....} Nxe5 42. dxe5 Bxe5 43. Rxa3 {[%mdl 4096] Endgame KRB-KRB} Rc6 44. Bb4 Bd6 45. Bxd6 Rxd6 {KR-KR} 46. Kg2 d4 {Strongly threatening ...d3.} 47. Kf1 d3 {...d2 is the strong threat.} 48. Ke1 Re6+ 49. Kd2 {[#]} Re2+ $1 50. Kxd3 Rxf2 {aiming for ...Rf3+.} 51. Ke3 {[#]} Rf6 $1 52. Ra5 Kf8 53. Ke4 Ke7 54. Ra1 $2 (54. Ke3) 54... g5 55. Ke5 (55. Ke3 $142 Rf4 56. Rg1) 55... Rf4 {Black is clearly winning.} 56. Rxa6 f6+ 57. Kd5 Kf7 {Precision: White = 43%, Black = 75%.} 0-1